| 000 | 00839nam a2200193 i 4500 | ||
|---|---|---|---|
| 001 | 34192 | ||
| 003 | ES-MaACL | ||
| 005 | 20230906154906.0 | ||
| 007 | t| | ||
| 008 | 030204m19071912sp ||||1| spa d | ||
| 100 | 1 |
_aBlanco y Sánchez, Rufino. _929311 |
|
| 245 | 1 | 0 |
_aBibliografía pedagógica de obras escritas en castellano o traducidas a este idioma / _cpor Rufino Blanco y Sánchez. |
| 260 |
_aMadrid : _b[s.n.], _c1907-1912 ( _fTipografía de la Revista de Archivos) |
||
| 300 |
_a5 v. ; _c27 cm. |
||
| 500 | _aPremiada por la Biblioteca Nacional en... 1904, e impresa a expensas del Estado. | ||
| 505 | 8 | _aContiene: I. Introducción.- Abenzachucano.- II. Daguet- Museo. III. Naberan-Suñer.- IV. Tafelmacher. Refranero pedagógico.- V. Indices | |
| 650 | 4 |
_aPedagogía- _vBibliografías. _9153809 |
|
| 852 |
_aES-MaACL _jB-3420-3424 |
||
| 999 |
_c34192 _d34192 |
||